00264nam a22000977a 4500999001900000100002000019245003700039260005100076300000900127440003000136 c516320d516320 aYoga, M.922811 aPersonnel managementcby M. Yoga aNew DelhibNational Productivity councilc1970 a42p. aSupervisor's guide922812